Sombras le avisaron (Registro nro. 437161)
[ vista simple ]
| 000 -LÍDER | |
|---|---|
| Campo fijo de descripción fija | 00676nam a22002177a 4500 |
| 003 - IDENTIFICADOR DEL NÚMERO DE CONTROL | |
| Campo de control | BCEG |
| 005 - FECHA Y HORA DE LA ULTIMA TRANSACCIÓN | |
| control field | 20260407165149.0 |
| 008 - ELEMENTOS DE LONGITUD FIJA -- INFORMACIÓN GENERAL | |
| Campo fijo de descripción fija -- Información general | 260407s2013 mx|||||| |||| 00| 0 spa d |
| 020 ## - ISBN | |
| Isbn | 9788437506906 |
| 040 ## - FUENTE DE CATALOGACIÓN | |
| Agencia de catalogación original | BCEG |
| Idioma de catalogación | spa |
| Agencia que realiza la transcripción | BCEG |
| 082 04 - NÚMERO DE CLASIFICACIÓN DECIMAL DEWEY | |
| Número de clasificación | 861.6 |
| Clave de autor-Numero de item | C112s |
| 100 1# - ASIENTO PRINCIPAL--NOMBRE PERSONAL | |
| Nombre del autor personal | Caballero Bonald, José Manuel, |
| Fechas asociadas con el nombre | 1926-2021. |
| 245 10 - TÍTULO PROPIAMENTE DICHO | |
| Título | Sombras le avisaron |
| Otra información sobre el título - Subtitulo | : antología poética 1952-2012. |
| 260 ## - PUBLICACIÓN, DISTRIBUCIÓN, ETC. (PIE DE IMPRENTA) | |
| Lugar de publicación, distribución, etc. | Madrid : |
| Nombre del editor, distribuidor, etc. | Fondo de Cultura Económica : |
| -- | Universidad de Alcalá de Henares, |
| Fecha de publicación, distribución, etc. | 2013. |
| 300 ## - DESCRIPCIÓN FÍSICA | |
| Extensión | 314 p. |
| 490 ## - MENCIÓN DE SERIE | |
| Mención de serie | Biblioteca Premios Cervantes. |
| 541 ## - NOTA DE FUENTE INMEDIATA DE ADQUISICIÓN | |
| Nota de fuente de adquisición | Compra. |
| 586 ## - NOTA DE PREMIOS | |
| Nota de premios | Premio Cervantes, 2012. |
| 650 14 - ASIENTO SECUNDARIO DE MATERIA - TERMINO TEMÁTICO | |
| Término temático o nombre geográfico como elemento de entrada | Poesía española |
| Subdivisión de forma | Antologías. |
| 942 ## - TIPO DE MATERIAL (KOHA) | |
| Tipo de Item KOHA | Libro |
| No para Préstamo | Colección | Biblioteca de Origen | Biblioteca Permanente | Fecha de Adquisición | Fuente de Adquisicion | Total de Préstamos | Signatura Topográfica | Código de Barras | Última vez visto | Tipo de Material |
|---|---|---|---|---|---|---|---|---|---|---|
| Material en Reserva | General | Biblioteca Central Estatal de Guanajuato, "Wigberto Jiménez Moreno" | Biblioteca Central Estatal de Guanajuato, "Wigberto Jiménez Moreno" | 07/04/2026 | COMPRA-2025 | 861.6 C112s | BCEG8655231056 | 07/04/2026 | Libro |